000 00496nam a2200181Ia 4500
001 25380
005 20260414151146.0
008 260414t2007||||xx |||||||||||||| ||spa||
041 _aESP
082 _a346.5
_bL52
100 _aLete del Río, José Manuel
_eAUT
245 0 _aDerecho de obligaciones :
_bteoría general de la relación obligatoria y del contrato: derecho de daños
260 _c2007
300 _a
_c23 cm.
650 _aDER
654 _aCDE
942 _cLIB
_dJUS
_fJUS
_2ddc
_n
999 _c25380
_d25380